| 000 | 01163nam2a2200217 4500 | ||
|---|---|---|---|
| 001 | RU\NLR\BIBL_A\011806541 | ||
| 005 | 20250626133340.0 | ||
| 035 | _a(NLR Aleph) 011806541 | ||
| 090 |
_a11895017 _c11895017 |
||
| 100 | _a20181001d1934 |||y0rusy50 ca | ||
| 101 | 0 | _ache | |
| 102 | _aRU | ||
| 105 | _ay j 000 y | ||
| 200 | 0 |
_aДакъа 4 _e4-чу а 5-чу а шарахь Iамораг |
|
| 210 |
_d1934 _aБ. м. |
||
| 215 | _a61,[3] с. | ||
| 461 | 0 |
_1001RU\NLR\BIBL_A\011806533 _12001#$aНохчийн меттан кинишка хьалхарчу ишколашна$e(грамматикий, нийсяздаррий)$fА. Г. Мациев, Х. Э. Яндаров$vДакъа 4 _1700#1$aМациев$bА.Г.$f1902-1968$gАхмат Гехаевич$4070 _911894970 _aМациев, А.Г. (1902-1968) _cСоьлж-ГIала _d1934 _fА. Г. Мациев, Х. Э. Яндаров _nНохчгIалгIамзорб _o(грамматикий, нийсяздаррий) _tНохчийн меттан кинишка хьалхарчу ишколашна _vДакъа 4 |
|
| 852 |
_aNLR _bОНЛ _jЧеч./3-346 |
||
| 942 | _cBOOK | ||
| 980 | _aNB | ||